| 000 | 00681nam a2200205 a 4500 | ||
|---|---|---|---|
| 003 | 0 | ||
| 005 | 20170228145011.0 | ||
| 008 | 010206s19uu xx 00 eng d | ||
| 020 | _a0-590-76496-9 | ||
| 050 |
_aTR(GS 414 _bS36 1997 |
||
| 100 | _aDaniel, Claire | ||
| 245 |
_aVowel diagraphs : _bscholastic fun with phonics / _cby Claire Daniel. |
||
| 260 |
_aNew York : _bScholastic Professional Books, _c1997. |
||
| 300 | _a31 p. ; ill. | ||
| 440 | _aFun with Phonics, Bk.9-Grades 1-2 | ||
| 500 | _aInstant Activities, Games, Take-Home Book, Fun Skill Pages, and 32 Picture/Word Cards to Build Early Reading Skills. | ||
| 650 | _aVowels | ||
| 942 |
_2ddc _cBK |
||
| 999 |
_c103095 _d103095 |
||